| 000 | 00768nas a2200289 4500 | ||
|---|---|---|---|
| 001 | BR9103781 | ||
| 003 | BR-BrBNA | ||
| 005 | 20231205092135.0 | ||
| 007 | ta | ||
| 008 | 230509b bl.|||p| |||| 00| 00por d | ||
| 040 |
_aBR-BrBNA _bpor _cBiblioteca Nacional de Agricultura |
||
| 041 | _a(Pt) | ||
| 072 | _aH20 | ||
| 100 | 1 | _aReis, E.M. | |
| 245 | 1 | _aConheca as doencas dos orgaos aereos [trigo] | |
| 650 | _aTRIGO | ||
| 650 | _aDOENCA DE PLANTA | ||
| 650 | _aOIDIO | ||
| 650 | _aFERRUGEM | ||
| 650 | _aBRUSONE | ||
| 650 | _aFUSARIOSE | ||
| 650 | _aSINTOMA | ||
| 650 | _aERRADICACAO | ||
| 773 | 0 |
_tCorreio Agricola (Brazil) _xISSN 0100-3909 _g(Jan-Jul 1991), no. 1 p. 6-9 _wBR9103781 |
|
| 909 |
_a202311 _bLúcia _c55 _dLúcia Elande |
||
| 942 |
_2AGRIS _n0 _cANA |
||
| 999 |
_c129616 _d129616 |
||